|
|
|
|
| LEADER |
00000nam a2200000 a 4500 |
| 001 |
vtls008301948 |
| 003 |
SK-MaSNL |
| 005 |
20260302074204.0 |
| 008 |
240315s2005 xo o g 000 f slo |
| 015 |
|
|
|a SNBA2006/02-01052
|
| 020 |
|
|
|a 8096907212
|q (viaz.)
|
| 035 |
|
|
|a 03E5EEA9-9701-4288-AC4A-E9DCFC45F9D6
|
| 035 |
|
|
|a urn:nbn:sk:snk-aml71v
|
| 035 |
|
|
|a urn:nbn:sk:snk-am008u0z
|
| 040 |
|
|
|a SNK
|b slo
|c SNK
|e AACR2
|
| 041 |
0 |
|
|a slo
|
| 044 |
|
|
|a xo
|c SK
|
| 072 |
|
7 |
|a 821.162.4-3
|x Slovenská próza
|2 konspekt
|
| 080 |
|
|
|a (0:82-322.6)
|2 MDT-MRF
|
| 080 |
|
|
|a 821.162.4-32
|2 MDT-MRF
|
| 100 |
1 |
|
|a Strelka-Kanková, Kamila Kay,
|d 1933-2023
|4 aut
|9 122792
|
| 245 |
1 |
0 |
|a Letenka do raja
|c Kamila Kay Strelka-Kanková
|
| 250 |
|
|
|a 1. upr. vyd.
|
| 260 |
|
|
|a Bratislava
|b Ekopress
|c 2005
|
| 300 |
|
|
|a 177 s., [8] s. fotogr.
|b fareb. fotogr.
|c 21 cm
|
| 600 |
1 |
7 |
|a Strelka-Kanková, Kamila Kay,
|d 1933-2023
|2 SNKMA
|9 122792
|
| 655 |
|
7 |
|a autobiografické príbehy
|2 SNKPH
|9 70622
|
| 852 |
|
|
|a Slovenská národná knižnica
|
| 919 |
|
|
|a 80-969072-1-2
|
| 958 |
|
|
|a OND
|
| 968 |
|
|
|d 821
|
| 999 |
|
|
|c 1164024
|d 1165954
|
| 952 |
|
|
|a SNK
|b SNK
|y PREZ
|7 0
|p 17A0485153
|o snkSC 121454
|i snk2005/16728
|8 0
|0 0
|1 0
|4 0
|d 2005-10-10
|f 1
|l 0
|r 2025-06-02 00:00:00
|w 2026-02-24
|
| 952 |
|
|
|a SNK
|b SNK
|y VYP
|7 0
|p 17A0485163
|o snkSC 121454 D1
|i snk2005/16729
|8 0
|0 0
|1 0
|4 0
|d 2005-10-10
|l 0
|r 2026-02-24 20:43:36
|w 2026-02-24
|